| 000 | 01207nam a22003138i 4500 | ||
|---|---|---|---|
| 001 | 021460844 | ||
| 003 | OSt | ||
| 005 | 20251008154233.0 | ||
| 008 | 231024s2023 sz a 000|0 eng|d | ||
| 020 | _a9783031145353 (Paperback) | ||
| 024 | 8 | _cUSD 83.00 | |
| 040 |
_aStDuBDS _beng _cStDuBDS _erda _dNUST |
||
| 050 | _aS494.5 DIG | ||
| 245 | 0 | 0 |
_aDigital agriculture / _cedited by Daniel Marçal de Queiroz, Domingos Sárvio M. Valente, Francisco de Assis de Carvalho Pinto, Aluízio Borém and John K. Schueller. |
| 260 |
_aCham, Switzerland : _bSpringer, _c©2022. |
||
| 300 |
_aviii, 306 pages : _bIllustrations ; _c24 cm. |
||
| 336 |
_atext _2rdacontent _btxt |
||
| 337 |
_aunmediated _2rdamedia _bn |
||
| 338 |
_avolume _2rdacarrier _bnc |
||
| 504 | _aIncludes bibliographical references and index. | ||
| 650 | 0 | _aAgricultural innovations. | |
| 650 | 0 |
_aAgriculture _xTechnology transfer. |
|
| 700 | 1 |
_aMarçal de Queiroz, Daniel _eEditor |
|
| 700 | 1 |
_aValente, Domingos Sárvio M. _eEditor |
|
| 700 | 1 |
_aCarvalho Pinto, Francisco de Assis de _eEditor |
|
| 700 | 1 |
_aBorém, Aluízio _eEditor |
|
| 700 | 1 |
_aSchueller, John K. _eEditor |
|
| 942 |
_2lcc _cBOOKS _hS494.5 DIG _kS _mDIG _n0 _01 |
||
| 999 |
_c172383 _d172383 |
||